Doce textos fundamentales de la ética del siglo XX / Carlos Gómez, Editor (Registro nro. 43302)
[ vista simple ]
| 000 -LÍDER | |
|---|---|
| Campo fijo de descripción fija | 013810000a22001930004500 |
| 001 - NÚMERO DE CONTROL | |
| Campo de control | 14439 |
| 020 ## - NÚMERO INTERNACIONAL NORMALIZADO PARA LIBROS | |
| Número Internacional Normalizado del libro | 84-206-4390-4 |
| 041 0# - CÓDIGO DE IDIOMA | |
| Código de idioma para texto/pista de sonido o título separado | |
| 082 04 - NÚMERO DE CLASIFICACIÓN DECIMAL DEWEY | |
| Número de clasificación | G 170 G569d |
| 245 10 - TÍTULO | |
| Título del Material | Doce textos fundamentales de la ética del siglo XX / Carlos Gómez, Editor |
| 260 ## - PUBLICACIÓN, DISTRIBUCIÓN, ETC. (PIE DE IMPRENTA) | |
| Lugar de publicación, distribución, etc. | Madrid : Alianza Editorial |
| 300 ## - DESCRIPCIÓN FÍSICA | |
| Extensión | 312 Pág. |
| 336 ## - CONTENT TYPE | |
| Content type term | texto |
| Content type code | txt |
| Source | rdacontent |
| 337 ## - MEDIA TYPE | |
| Source | rdamedia |
| Media type term | sin mediación |
| Media type code | n |
| 338 ## - CARRIER TYPE | |
| Source | rdacarrier |
| Carrier type term | volumen |
| Carrier type code | nc |
| 505 00 - NOTA DE CONTENIDO | |
| Nota de contenido con formato preestablecido | - La filosofía analítica: George Edward Moore: El tema de la ética; Ludwing Wittgenstein: Conferencia sobre ética - La corriente fenomenológica-exitencialista: Max Scheler: Relaciones de los valores 'bueno' y 'malo' con los restantes valores y con los bienes; Jean-Paul Sartre: El exitencialismo es un humanismo - Los marxismos: Ernst Bloch: ¿Puede frustarse la esperanza?; Jürgen Habermas: Ética discursiva - La polémica entre liberales y comunitaristas: John Rawls: Justicia como imparcialidad: política, no metafísica; Charles Taylor: Horizontes ineludibles - Hermenéutica y posmodernidad: Paul Ricoeur: Ética y moral; Michael Foucault: La ética del cuidado de sí como práctica de la libertad. - Ética en la lengua española: José Luis Aranguren: La ética y la tarea de la moralización; Javier Murguerza: La obedicencia al Derecho y el imperativo de la disidencia. |
| 650 14 - ASIENTO SECUNDARIO DE MATERIA - TERMINO TEMÁTICO | |
| Término temático o nombre geográfico como elemento de entrada | ETICA |
| 942 ## - TIPO DE MATERIAL (KOHA) | |
| Tipo de Item KOHA | Libros General |
| Estado de Material | Estado de Perdido | Estado de Dañado | No para Préstamo | Colección | Tomo | Biblioteca de Origen | Biblioteca Permanente | Fecha de Adquisición | Total de Préstamos | Signatura Topográfica | Código de Barras | Prestado | Última vez visto | Última vez Préstado | Ejemplar/Existencia | Fecha de Remplazo | Tipo de Material |
|---|---|---|---|---|---|---|---|---|---|---|---|---|---|---|---|---|---|
| Colección General | Biblioteca FUSBC | Biblioteca FUSBC | 05/07/2007 | 5 | G 170 G569d | 16462 | 16/05/2026 | 15/04/2026 | 15/04/2026 | 1 | 26/01/2016 | Libros General |
